| 000 | 00387nam a2200169Ia 4500 | ||
|---|---|---|---|
| 008 | 170705s9999 xx 000 0 und d | ||
| 020 | _a9780439773683 | ||
| 245 | _aRoller coaster / | ||
| 245 | _cby Marla Frazee. | ||
| 260 | _aNew York : | ||
| 260 | _bScholastic, | ||
| 260 | _c2003 | ||
| 300 | _aunpaged : | ||
| 300 | _bcolor illustration ; | ||
| 300 | _c23cm. | ||
| 500 | _a490 | ||
| 999 |
_c337164 _d337164 |
||